South Eastern Kenya University

Library Online Public Access Catalogue


Voice disorders : (Record no. 14097)

MARC details
000 -LEADER
fixed length control field 00513cam a2200181 a 4500
020 ## - ISBN
International Standard Book Number 9781416402527
020 ## - ISBN
International Standard Book Number 1416402527
050 00 - LIBRARY OF CONGRESS CALL NUMBER
Classification Number RF510
Item Number .F48 2008
100 1# - MAIN ENTRY--Author
Personal name Ferrand, Carole T.
245 10 - TITLE
Title Voice disorders :
Remainder of title a clinical reference /
Statement of responsibility, etc Carole T. Ferrand.
260 ## - PUBLICATION, DISTRIBUTION, ETC.(IMPRINT)
Place of publication, distribution, etc Austin, Tex. :
Name of publisher, distributor, etc Pro-ed,
Date of publication, distribution, etc c2008.
300 ## - PHYSICAL DESCRIPTION
Extent viiii, 158 p. ;
650 #0 - SUBJECT--TOPIC
General subdivision Diagnosis.
650 12 - SUBJECT--TOPIC
General subdivision diagnosis.
650 22 - SUBJECT--TOPIC
General subdivision therapy.
856 41 - URL/ELECTRONIC LOCATION AND ACCESS
Uniform Resource Identifier <a href="http://www.loc.gov/catdir/toc/ecip0725/2007033799.html">http://www.loc.gov/catdir/toc/ecip0725/2007033799.html</a>
942 ## - ADDED ENTRY ELEMENTS(KOHA)
Source of classification or shelving scheme Library of Congress Classification
Koha item type General circulation
Holdings
Source of classification or shelving scheme Not for loan Location (home branch) Sublocation (holding branch) Shelving location Date accessioned Full call number Barcode Nonpublic note Koha item type
Library of Congress Classification   Main Campus Library Main Campus Library   17/05/2016 RF510 .F48 2008 2016/018148 amm General circulation
Kitui, Kenya.
+254736116989
library@seku.ac.ke